000 00577cam a2200205 4500
001 D9694
008 090401t1984 xxu||||| |||| 00| 0 eng d
035 _a(Sirsi) u21712
041 _aeng
050 _a690.028
100 _aWarszawski, Abraham
245 _aApplication of robotics to building construction
260 _aRotterdam
_bCIB
_c1984
300 _aiv. 95p. ill. 30cm
350 _a0
490 _aCIB Report
_v: Publication 90
520 _aReport prepared from work undertaken at Carnegie Mellon University, Pittsburgh
942 _n0
948 _c04/03/1997
999 _c88041
_d88041